书目信息 |
| 题名: |
明代传记选粹
|
|
| 作者: | 李枝枢 译注 | |
| 分册: | ||
| 出版信息: | 天津 天津教育出版社 1988.6 |
|
| 页数: | 175页 | |
| 开本: | 19厘米 | |
| 丛书名: | 古文选粹对译丛书 | |
| 单 册: | ||
| 中图分类: | I264.8 | |
| 科图分类: | 41.272 | |
| 主题词: | 散文--中国 , 散文--作品综合集--中国 | |
| 电子资源: | ||
| ISBN: | 7-5309-0174-5 | |
| 000 | 00813nam0 2200289 45 | |
| 001 | 0189010190 | |
| 005 | 20040409092639.2 | |
| 010 | @a7-5309-0174-5@dCNY1.50 | |
| 020 | @aCN@b89010190 | |
| 100 | @a19910105d1988 m y0chiy0120 ea | |
| 101 | 0 | @achi |
| 102 | @aCN@b120000 | |
| 105 | @ay z 000zy | |
| 106 | @ar | |
| 200 | 10 | @a明代传记选粹@Aming dai zhuan ji xuan cui@f李枝枢译注@Fli zhi shu yi zhu |
| 210 | @a天津@c天津教育出版社@d1988.6 | |
| 215 | @a175页@d19厘米 | |
| 225 | 2 | @a古文选粹对译丛书 |
| 410 | 0 | @120010@a古文选粹对译丛书 |
| 540 | 1 | @a明代 传记@Aming dai zhuan ji |
| 606 | 0 | @a散文@x中国 |
| 606 | 0 | @a散文@x作品综合集@x中国 |
| 690 | @aI264.8 | |
| 692 | @a41.272@v1974 | |
| 701 | 0 | @a李枝枢@Ali zhi shu@4译注 |
| 801 | 0 | @aCN@bNLC@c19910105 |
| 905 | @f9@b254658-666@dI264.8@e484 | |
| 明代传记选粹/李枝枢译注.-天津:天津教育出版社,1988.6 |
| 175页;19厘米.-(古文选粹对译丛书) |
| ISBN 7-5309-0174-5:CNY1.50 |
| ● |
| 相关链接 |
|
|
|
|
正题名:明代传记选粹
索取号:I264.8/484
 
预约/预借
| 序号 | 登录号 | 条形码 | 馆藏地/架位号 | 状态 | 备注 |
| 1 | 0254657 | 000031334 | 第一样本阅览室/ [索取号:I264.8/484] | 在馆 | |
| 2 | 0254658 | 000031316 | 第二借阅区/ [索取号:I264.8/484] | 在馆 | |
| 3 | 0254659 | 000031307 | 第二借阅区/ [索取号:I264.8/484] | 在馆 | |
| 4 | 0254660 | 000031290 | 第二借阅区/ [索取号:I264.8/484] | 在馆 | |
| 5 | 0254661 | 000031272 | 第二借阅区/ [索取号:I264.8/484] | 在馆 | |
| 6 | 0254662 | 000031281 | 第二借阅区/ [索取号:I264.8/484] | 在馆 | |
| 7 | 0254663 | 000031352 | 第二借阅区/ [索取号:I264.8/484] | 在馆 | |
| 8 | 0254664 | 000031361 | 第二借阅区/ [索取号:I264.8/484] | 在馆 | |
| 9 | 0254665 | 000031325 | 第二借阅区/ [索取号:I264.8/484] | 在馆 | |
| 10 | 0254666 | 000031343 | 第二借阅区/ [索取号:I264.8/484] | 在馆 |